00576nam a2200193 a 450000100060000000300080000600500170001400800410003102000150007203500190008704000260010604100080013208200250014010000280016524500960019326000640028930000200035365000090037357066BD-RjUL20211209080450.0161205s1994 bg | o000 0 eng d a9845590446 a(BD-RjUL)57190 aBD-RjULbengcBD-RjUL aeng 223a641.35bDAV 19941 aDasgupta, Swapan Kumar.10aVegetable marketing in Comilla villages : bproblems and prospects /cSwapan Kumar Dasgupta aComilla :bBangladesh Academy for Rural Development,c1994. a29 p. ;c22 cm. aFood